| 000 | 00684cam a2200229 4500 | ||
|---|---|---|---|
| 001 | CD103610 | ||
| 008 | 000000n2000 000 0 eng u | ||
| 035 | _a(Sirsi) u103610 | ||
| 245 | _aSell's Products and Services 2000/2001 | ||
| 260 |
_cMiller Freeman _c2000 |
||
| 300 | _a1 CD-ROM | ||
| 350 | _aFree | ||
| 520 | _aCD-Rom listing building products and services searchable by product or service, companies and brand names. | ||
| 650 | _aCD-ROM | ||
| 650 | _aBUILT ENVIRONMENT-BUILDING MATERIALS | ||
| 650 |
_aBlock management _96220 |
||
| 650 | 0 | _aBRAND NAMES | |
| 650 | 0 | _aTRADE NAMES | |
| 650 | _aCONSTRUCTION COMPANIES | ||
| 690 | _aBUILT ENVIRONMENT | ||
| 942 | _n0 | ||
| 999 |
_c85396 _d85396 |
||